[Event "Scarborough Major 47th"]
[Site "Scarborough"]
[Date "2024.10.27"]
[Round "4.9"]
[White "Mulleady, Peter J"]
[Black "Jelfs, Alan"]
[Result "0-1"]
[WhiteElo "1898"]
[BlackElo "1823"]
[PlyCount "92"]
[EventDate "2024.10.25"]
[EventType "swiss"]
[EventRounds "5"]
[EventCountry "ENG"]
[SourceTitle "BritBase"]
[Source "John Saunders"]
[SourceDate "2024.12.27"]
[SourceVersion "1"]
[SourceVersionDate "2024.12.27"]
[SourceQuality "1"]

1. d4 d5 2. Bf4 g6 3. e3 Bg7 4. c4 Nf6 5. Nc3 c5 6. Nf3 Nc6 7. Qb3 Qb6 8. Qxb6 axb6 9. cxd5 Nb4 10. Bb5+ Kf8 11. O-O Nbxd5 12. Nxd5 Nxd5 13. Bg3 cxd4 14. Nxd4 e5 15. Nf3 f6 16. Rfd1 Be6 17. Rac1 Kf7 18. e4 Ne7 19. a3 Rac8 20. b4 Bh6 21. Rxc8 Rxc8 22. h4 Rc1 23. Ba4 {[=]} b5 24. Rxc1 Bxc1 25. Bxb5 Bxa3 26. Ne1 Bxb4 27. Nd3 Ba3 28. f4 exf4 29. Bxf4 Nc8 30. e5 Na7 31. Ba4 b5 32. Bc2 f5 33. Kf2 Nc6 34. Be3 Bc4 35. Ke1 Ke6 36. h5 Nxe5 37. Nf4+ Kf7 38. hxg6+ hxg6 39. Bd4 Nc6 40. Be3 Bb2 41. Kd1 Nb4 42. Bb1 Nd5 43. Nxd5 Bxd5 44. g3 Be5 45. Bf2 Ke6 46. g4 Bf3+ 0-1

[Event "Scarborough Major 47th"]
[Site "Scarborough"]
[Date "2024.10.27"]
[Round "4.11"]
[White "Mckiernan, James"]
[Black "Layhe, Simon"]
[Result "1/2-1/2"]
[WhiteElo "1821"]
[BlackElo "1867"]
[PlyCount "67"]
[EventDate "2024.10.25"]
[EventType "swiss"]
[EventRounds "5"]
[EventCountry "ENG"]
[SourceTitle "BritBase"]
[Source "John Saunders"]
[SourceDate "2024.12.27"]
[SourceVersion "1"]
[SourceVersionDate "2024.12.27"]
[SourceQuality "1"]

1. d4 Nf6 2. Nc3 d5 3. Bf4 a6 4. e3 Bf5 5. Nf3 e6 6. Nh4 Bg6 7. Nxg6 hxg6 8. Bd3 Nbd7 9. e4 dxe4 10. Nxe4 Nxe4 11. Bxe4 c6 12. Qd3 g5 13. Bd2 Bd6 14. g3 g4 15. O-O-O Nf6 16. Bg2 Qc7 17. Bg5 Qa5 18. Bxf6 gxf6 19. Kb1 O-O-O 20. h4 gxh3 21. Bxh3 Kb8 22. Bg2 f5 23. c4 Be7 24. Rxh8 Rxh8 25. Qb3 Qb4 26. Qxb4 Bxb4 27. Kc2 Rh3 28. Rg1 Be7 29. c5 Bf6 30. Kd3 Kc7 31. f4 Rh8 32. Rd1 Rg8 33. Bf3 Rxg3 34. Ke3 1/2-1/2

[Event "Scarborough Major 47th"]
[Site "Scarborough"]
[Date "2024.10.27"]
[Round "4.14"]
[White "Best, Francis P"]
[Black "Wheeler, James M"]
[Result "1/2-1/2"]
[WhiteElo "1716"]
[BlackElo "1852"]
[PlyCount "99"]
[EventDate "2024.10.25"]
[EventType "swiss"]
[EventRounds "5"]
[EventCountry "ENG"]
[SourceTitle "BritBase"]
[Source "John Saunders"]
[SourceDate "2024.12.27"]
[SourceVersion "1"]
[SourceVersionDate "2024.12.27"]
[SourceQuality "1"]

1. e4 e5 2. Nf3 Nf6 3. Nxe5 d6 4. Nf3 Nxe4 5. Nc3 Nxc3 6. dxc3 Be7 7. Be3 Nc6 8. Qd2 Bf5 9. O-O-O Bg6 10. h4 h5 11. Bd3 Bxd3 12. Qxd3 Qd7 13. Ng5 Bf6 14. Qd5 Bxg5 15. Bxg5 f6 16. Rhe1+ Kf8 17. Bf4 Qf7 18. Qb5 Rb8 19. Kb1 g6 20. Re3 a6 21. Qd3 Kg7 22. b3 Rbe8 23. Rde1 Rxe3 24. Qxe3 Rd8 25. f3 Rd7 26. Qf2 Re7 27. Bc1 Rxe1 28. Qxe1 Ne7 29. Qe4 d5 30. Qf4 Ng8 31. g4 hxg4 32. fxg4 c6 33. Be3 Qe7 34. g5 f5 35. Bd4+ Kh7 36. h5 Qe4 37. Qc7+ Qe7 38. Qxe7+ Nxe7 39. h6 f4 40. Kc1 Nf5 41. Kd1 Nxh6 42. gxh6 Kxh6 43. Ke2 Kg5 44. Kf3 Kf5 45. Bb6 g5 46. b4 g4+ 47. Kf2 Ke4 {[=]} 48. a4 Kf5 49. Ke2 Ke4 50. Kf2 1/2-1/2

[Event "Scarborough Major 47th"]
[Site "Scarborough"]
[Date "2024.10.27"]
[Round "4.16"]
[White "Horrocks, Steve J"]
[Black "Slinger, Tony J"]
[Result "0-1"]
[WhiteElo "1929"]
[BlackElo "1874"]
[PlyCount "79"]
[EventDate "2024.10.25"]
[EventType "swiss"]
[EventRounds "5"]
[EventCountry "ENG"]
[SourceTitle "BritBase"]
[Source "John Saunders"]
[SourceDate "2024.12.27"]
[SourceVersion "1"]
[SourceVersionDate "2024.12.27"]
[SourceQuality "1"]

1. d4 e6 2. Nf3 Nf6 3. Bg5 h6 4. Bh4 b6 5. Nbd2 Bb7 6. e3 Be7 7. Bd3 d5 8. O-O Nbd7 9. c3 O-O 10. a4 a5 11. Ne5 Nxe5 12. dxe5 Ne4 13. Bxe7 Qxe7 14. Bxe4 dxe4 15. Qg4 Qc5 16. Nxe4 Qxe5 17. Ng3 Rad8 18. Rfd1 c5 19. Rxd8 Rxd8 20. Rd1 Rxd1+ 21. Qxd1 Qd5 22. Qf1 Qb3 23. Qc1 Qxa4 24. f3 Qd7 25. Qc2 b5 26. Kf2 a4 27. Ne2 Bc6 28. Nc1 Qd6 29. h3 b4 30. cxb4 cxb4 31. Nd3 Bb5 32. Nf4 Qc6 33. Qd2 Qc4 34. Qd8+ Kh7 35. Qe7 Qc2+ 36. Kg3 Qxb2 37. Qxf7 Qf6 38. Qc7 b3 39. Qb6 b2 40. Qxb5 0-1

[Event "Scarborough Major 47th"]
[Site "Scarborough"]
[Date "2024.10.27"]
[Round "4.17"]
[White "Seery, Philip T"]
[Black "Awesome, John Aanuoluwapo"]
[Result "1-0"]
[WhiteElo "1932"]
[BlackElo "1697"]
[PlyCount "123"]
[EventDate "2024.10.25"]
[EventType "swiss"]
[EventRounds "5"]
[EventCountry "ENG"]
[SourceTitle "BritBase"]
[Source "John Saunders"]
[SourceDate "2024.12.27"]
[SourceVersion "1"]
[SourceVersionDate "2024.12.27"]
[SourceQuality "1"]

1. d4 d5 2. c4 c6 3. Nf3 Nf6 4. Nc3 g6 5. Bg5 Bg7 6. e3 e6 7. Bd3 Nbd7 8. cxd5 exd5 9. O-O O-O 10. b4 Re8 11. b5 Qa5 12. Qc2 Ne4 13. Nxe4 dxe4 14. Bxe4 Qxb5 15. Rab1 Qa5 16. Rfc1 Nb6 17. Bf4 Be6 18. a4 Rac8 19. Ng5 Bd7 20. Qa2 Re7 21. Bf3 h6 22. Ne4 Bf5 23. Rxb6 axb6 24. Nd6 Be6 25. d5 Bd7 26. Nxc8 Bxc8 27. dxc6 bxc6 28. Bxc6 Be6 29. Qc2 Bd5 30. h3 Be5 31. Bxe5 Rxe5 32. Qb2 Bxc6 33. Rxc6 Qxa4 34. Rxb6 Re8 35. Qf6 Qa5 36. Rb7 Qd5 37. Rc7 Qe6 38. Qxe6 Rxe6 39. Kh2 Kg7 40. Kg3 h5 41. Rc4 g5 42. h4 g4 43. Rc5 Kh6 44. Kf4 Ra6 45. f3 gxf3 46. gxf3 f6 47. e4 Kg6 48. Rc1 Ra5 49. Rg1+ Kf7 50. Rg3 Rb5 51. Rg1 Ra5 52. Rd1 Kg6 53. Rd5 Ra4 54. Ke3 Ra3+ 55. Rd3 Ra1 56. f4 Rh1 57. f5+ Kg7 58. Rd7+ Kg8 59. Ra7 Rxh4 60. Kd4 Rg4 61. Kd5 Rg7 62. Ra1 {Score illegible. White won on move 70} 1-0

[Event "Scarborough Major 47th"]
[Site "Scarborough"]
[Date "2024.10.27"]
[Round "4.18"]
[White "Hardy, Roger"]
[Black "Leigh, Dominic"]
[Result "1/2-1/2"]
[WhiteElo "1918"]
[BlackElo "1727"]
[PlyCount "37"]
[EventDate "2024.10.25"]
[EventType "swiss"]
[EventRounds "5"]
[EventCountry "ENG"]
[SourceTitle "BritBase"]
[Source "John Saunders"]
[SourceDate "2024.12.27"]
[SourceVersion "1"]
[SourceVersionDate "2024.12.27"]
[SourceQuality "1"]

1. d4 Nf6 2. c4 e6 3. Nc3 Bb4 4. e3 O-O 5. Nge2 d5 6. cxd5 exd5 7. a3 Bd6 8. Ng3 Re8 9. Bd3 Nbd7 10. O-O c6 11. Bd2 a5 12. Qc2 Bf8 13. e4 dxe4 14. Ngxe4 h6 15. Rad1 Nxe4 16. Nxe4 Nf6 17. Nxf6+ Qxf6 18. Bc3 Qg5 19. Bd2 1/2-1/2

[Event "Scarborough Major 47th"]
[Site "Scarborough"]
[Date "2024.10.27"]
[Round "4.20"]
[White "Turner, Tim M"]
[Black "Berkley, Stephen W"]
[Result "1/2-1/2"]
[WhiteElo "1830"]
[BlackElo "1755"]
[PlyCount "75"]
[EventDate "2024.10.25"]
[EventType "swiss"]
[EventRounds "5"]
[EventCountry "ENG"]
[SourceTitle "BritBase"]
[Source "John Saunders"]
[SourceDate "2024.12.27"]
[SourceVersion "1"]
[SourceVersionDate "2024.12.27"]
[SourceQuality "1"]

1. d4 e6 2. c4 Nf6 3. Nf3 c5 4. Nc3 d5 5. cxd5 exd5 6. g3 Nc6 7. Bg2 Be7 8. O-O O-O 9. Bg5 Be6 10. e3 h6 11. Bxf6 Bxf6 12. dxc5 Bxc3 13. bxc3 Qa5 14. Nd4 Qxc5 15. Rb1 Rab8 16. Qd2 Nxd4 17. cxd4 Qd6 18. Qa5 a6 19. Rb6 Qc7 20. h4 Rfc8 21. Qb4 Qc3 22. Rb1 Qxb4 23. R6xb4 Rc2 24. a4 Ra2 25. Bf1 a5 26. Rxb7 Rxb7 27. Rxb7 Rxa4 28. Rb8+ Kh7 29. Bd3+ g6 30. h5 Kg7 31. hxg6 fxg6 32. Rb6 Bf7 33. Ra6 Ra1+ 34. Kg2 a4 35. g4 a3 36. Kf3 Be8 37. Bc2 h5 38. g5 1/2-1/2

[Event "Scarborough Major 47th"]
[Site "Scarborough"]
[Date "2024.10.27"]
[Round "4.21"]
[White "Georgiou, Denis"]
[Black "Morris, Gary"]
[Result "0-1"]
[WhiteElo "1850"]
[BlackElo "1643"]
[PlyCount "62"]
[EventDate "2024.10.25"]
[EventType "swiss"]
[EventRounds "5"]
[EventCountry "ENG"]
[SourceTitle "BritBase"]
[Source "John Saunders"]
[SourceDate "2024.12.27"]
[SourceVersion "1"]
[SourceVersionDate "2024.12.27"]
[SourceQuality "1"]

1. e4 c6 2. d4 d5 3. e5 Bf5 4. Nf3 e6 5. Be2 Nd7 6. O-O a5 7. Nbd2 a4 8. Ne1 c5 9. c3 Qb6 10. Nef3 Ne7 11. c4 cxd4 12. cxd5 exd5 13. Nh4 Be6 14. Ndf3 Nc6 15. Ng5 Ncxe5 16. Nhf3 Nxf3+ 17. Nxf3 Bd6 18. Nxd4 O-O 19. Be3 Qxb2 20. Bb5 a3 21. Nxe6 Qxb5 22. Nxf8 Nxf8 23. Rb1 Qc4 24. Qb3 b5 25. Rfc1 Qxb3 26. Rxb3 b4 27. Rd3 Be5 28. Rxd5 Bb2 29. Rcd1 b3 30. Bd4 bxa2 31. Bxb2 axb2 0-1

[Event "Scarborough Major 47th"]
[Site "Scarborough"]
[Date "2024.10.27"]
[Round "4.22"]
[White "Graham, Oliver"]
[Black "May, Paul"]
[Result "0-1"]
[WhiteElo "1818"]
[BlackElo "1833"]
[PlyCount "80"]
[EventDate "2024.10.25"]
[EventType "swiss"]
[EventRounds "5"]
[EventCountry "ENG"]
[SourceTitle "BritBase"]
[Source "John Saunders"]
[SourceDate "2024.12.27"]
[SourceVersion "1"]
[SourceVersionDate "2024.12.27"]
[SourceQuality "1"]

1. e4 c5 2. Nc3 a6 3. Nf3 b5 4. a4 b4 5. Ne2 Nc6 6. Ng3 e6 7. d4 cxd4 8. Nxd4 Bb7 9. Be2 Nf6 10. O-O Nxd4 11. Qxd4 d5 12. exd5 Qxd5 13. Qxd5 Bxd5 14. Be3 Be7 15. Bd4 O-O 16. c4 bxc3 17. Bxc3 Bb3 18. Bf3 Nd5 19. Ne2 Nxc3 20. Nxc3 Rab8 21. Be2 a5 22. Bb5 Rfd8 23. Ne4 f5 24. Nc3 Rd2 25. Nd1 Rbd8 26. Ne3 Rc8 27. Rac1 Rxc1 28. Rxc1 Rxb2 29. g3 Kf7 30. Rc6 Rb1+ 31. Kg2 Bd5+ 32. Nxd5 exd5 33. Bd3 Re1 34. Bxf5 g6 35. Bd3 {[=]} Re6 36. Rc7 Re5 37. Ra7 d4 38. Bb5 Kg7 39. Rxa5 d3 40. Kf1 d2 0-1

[Event "Scarborough Major 47th"]
[Site "Scarborough"]
[Date "2024.10.27"]
[Round "4.24"]
[White "Broughton, Daniel"]
[Black "Pitel, Benedikt"]
[Result "1/2-1/2"]
[WhiteElo "1966"]
[BlackElo "1829"]
[PlyCount "85"]
[EventDate "2024.10.25"]
[EventType "swiss"]
[EventRounds "5"]
[EventCountry "ENG"]
[SourceTitle "BritBase"]
[Source "John Saunders"]
[SourceDate "2024.12.27"]
[SourceVersion "1"]
[SourceVersionDate "2024.12.27"]
[SourceQuality "1"]

1. d4 d5 2. c4 c6 3. e3 Nf6 4. Nc3 e6 5. Nf3 Bd6 6. Bd3 O-O 7. O-O Nbd7 8. e4 dxe4 9. Nxe4 Nxe4 10. Bxe4 Nf6 11. Bc2 b6 12. Qd3 h6 13. Bd2 Bb7 14. Rfe1 c5 15. Bc3 g6 16. Rad1 Kg7 17. dxc5 Bxc5 18. Qe2 Qe7 19. Ne5 Bb4 20. Rd7 Nxd7 21. Nxg6+ Bxc3 22. Nxe7 Bxe1 23. Qxe1 Rfe8 24. Be4 Bxe4 25. Qxe4 Nc5 26. Qd4+ Kh7 27. Qf6 Rf8 28. Nc6 a6 29. Ne5 Rad8 30. h4 Nd7 31. Nxd7 Rxd7 32. Qf4 Rc8 33. b3 b5 34. cxb5 axb5 35. a4 bxa4 36. bxa4 Ra7 37. Qe4+ Kg8 38. Qg4+ Kh7 39. Qe4+ Kg8 40. Qe3 Rxa4 41. Qxh6 Rc5 42. Qe3 Rf5 43. g3 1/2-1/2

[Event "Scarborough Major 47th"]
[Site "Scarborough"]
[Date "2024.10.27"]
[Round "4.25"]
[White "Holliday, John K"]
[Black "McCarthy, Damian"]
[Result "0-1"]
[WhiteElo "1825"]
[BlackElo "1884"]
[PlyCount "64"]
[EventDate "2024.10.25"]
[EventType "swiss"]
[EventRounds "5"]
[EventCountry "ENG"]
[SourceTitle "BritBase"]
[Source "John Saunders"]
[SourceDate "2024.12.27"]
[SourceVersion "1"]
[SourceVersionDate "2024.12.27"]
[SourceQuality "1"]

1. e4 c5 2. Nf3 Nc6 3. d4 cxd4 4. Nxd4 g6 5. c3 Bg7 6. Bc4 d6 7. Be3 Nf6 8. Nd2 O-O 9. O-O Bd7 10. f4 Qc7 11. Nb5 Qb8 12. Qe1 a6 13. Nd4 Qc7 14. Bd3 Ng4 15. N2f3 Nxe3 16. Qxe3 Rac8 17. f5 Qa5 18. Nxc6 Rxc6 19. Nd4 Qc5 20. Nc2 {[=]} b5 21. Qxc5 dxc5 22. Ne3 Rd6 23. Nd5 e6 24. Ne7+ Kh8 25. Rad1 gxf5 26. exf5 Bf6 27. fxe6 fxe6 28. Ng6+ hxg6 29. Bxg6 Rxd1 30. Rxd1 Rd8 31. Bf7 Kg7 32. Bh5 Bc6 0-1

[Event "Scarborough Major 47th"]
[Site "Scarborough"]
[Date "2024.10.27"]
[Round "4.26"]
[White "Bromilow, Edward T"]
[Black "Wilson, Matthew R"]
[Result "1-0"]
[WhiteElo "1866"]
[BlackElo "1800"]
[PlyCount "71"]
[EventDate "2024.10.25"]
[EventType "swiss"]
[EventRounds "5"]
[EventCountry "ENG"]
[SourceTitle "BritBase"]
[Source "John Saunders"]
[SourceDate "2024.12.27"]
[SourceVersion "1"]
[SourceVersionDate "2024.12.27"]
[SourceQuality "1"]

1. d4 d5 2. Nf3 Nf6 3. e3 e6 4. Bd3 c5 5. b3 cxd4 6. exd4 Nc6 7. O-O Be7 8. Bb2 O-O 9. Nbd2 Qc7 10. a3 b6 11. Ne5 Bd6 12. f4 Ne7 13. Qf3 a5 14. c4 Bb7 15. Qh3 Ne4 16. Rae1 f5 17. Ndf3 Bxe5 18. Nxe5 Rf6 19. Bxe4 dxe4 20. Qe3 Rff8 21. Rc1 Rfd8 22. Rfd1 Nc6 23. d5 Nxe5 24. Bxe5 Qc5 25. Bd4 Qxa3 26. Bxb6 Rd7 27. dxe6 Rd3 28. Rxd3 exd3 29. e7 Be4 30. Bd8 Kf7 31. Rd1 Qxb3 32. Qd2 Qxc4 33. Rc1 Qb4 34. Qa2+ Kg6 35. e8=Q+ Kh6 36. Bg5# 1-0

[Event "Scarborough Major 47th"]
[Site "Scarborough"]
[Date "2024.10.27"]
[Round "4.27"]
[White "Pugh, Glyn D"]
[Black "Revell, Jeremy"]
[Result "0-1"]
[WhiteElo "1846"]
[BlackElo "1781"]
[PlyCount "50"]
[EventDate "2024.10.25"]
[EventType "swiss"]
[EventRounds "5"]
[EventCountry "ENG"]
[SourceTitle "BritBase"]
[Source "John Saunders"]
[SourceDate "2024.12.27"]
[SourceVersion "1"]
[SourceVersionDate "2024.12.27"]
[SourceQuality "1"]

1. d4 Nf6 2. c4 g6 3. h4 Bg7 4. Nc3 Nc6 5. e4 e5 6. d5 Nd4 7. Nge2 c5 8. dxc6 dxc6 9. Be3 c5 10. Ng3 h6 11. f3 Qa5 12. Bd3 Bd7 13. Kf2 O-O 14. Nd5 Nxd5 15. cxd5 f5 16. exf5 gxf5 17. Nh5 Rae8 18. Nxg7 Kxg7 19. Qc1 f4 20. Bd2 Qb6 21. Rb1 c4 22. Qxc4 Bb5 23. Qc3 Rc8 24. a4 Rxc3 25. bxc3 Nb3+ 0-1

[Event "Scarborough Major 47th"]
[Site "Scarborough"]
[Date "2024.10.27"]
[Round "4.28"]
[White "Hill, Maurice J"]
[Black "Newton, Robert"]
[Result "0-1"]
[WhiteElo "1818"]
[BlackElo "1886"]
[PlyCount "59"]
[EventDate "2024.10.25"]
[EventType "swiss"]
[EventRounds "5"]
[EventCountry "ENG"]
[SourceTitle "BritBase"]
[Source "John Saunders"]
[SourceDate "2024.12.27"]
[SourceVersion "1"]
[SourceVersionDate "2024.12.27"]
[SourceQuality "1"]

1. g3 c5 2. Bg2 Nc6 3. c4 e5 4. Nc3 d6 5. a3 a5 6. e3 Nf6 7. Nge2 Be7 8. b3 O-O 9. O-O Bf5 10. d3 h6 11. Nd5 Re8 12. Bb2 Nxd5 13. cxd5 Nb8 14. e4 Bg4 15. f3 Bd7 16. Bc3 a4 17. b4 cxb4 18. Bxb4 Na6 19. Rb1 Qb8 20. Kh1 Qa7 21. d4 Nxb4 22. Rxb4 exd4 23. Nxd4 Rac8 24. Qb1 Rc7 25. Nb5 Bxb5 26. Rxb5 Qe3 27. Bh3 Rb8 28. Qb2 Bf6 29. Qb1 Qxa3 30. Rb2 0-1

[Event "Scarborough Major 47th"]
[Site "Scarborough"]
[Date "2024.10.27"]
[Round "4.29"]
[White "Mata, Andrew B"]
[Black "Shivakumar, Akshath"]
[Result "0-1"]
[WhiteElo "1828"]
[BlackElo "1716"]
[PlyCount "68"]
[EventDate "2024.10.25"]
[EventType "swiss"]
[EventRounds "5"]
[EventCountry "ENG"]
[SourceTitle "BritBase"]
[Source "John Saunders"]
[SourceDate "2024.12.27"]
[SourceVersion "1"]
[SourceVersionDate "2024.12.27"]
[SourceQuality "1"]

1. e4 e6 2. d4 d5 3. e5 c5 4. c3 Nc6 5. Nf3 Bd7 6. Be2 Nge7 7. Na3 cxd4 8. cxd4 Nf5 9. Nc2 Qb6 10. O-O Na5 11. Kh1 Bb5 12. g4 Bxe2 13. Qxe2 Ne7 14. b3 Ng6 15. Bd2 Be7 16. g5 Nc6 17. h4 Nb4 18. Rfc1 Qa6 19. Qxa6 Nxa6 20. a3 h6 21. h5 hxg5 22. Kg2 Rxh5 23. Rh1 Rxh1 24. Rxh1 f6 25. b4 Kf7 26. b5 Nc7 27. a4 g4 28. Nfe1 fxe5 29. dxe5 Nxe5 30. Bf4 Bd6 31. Kg3 Ne8 32. Bxe5 Bxe5+ 33. Kxg4 Nf6+ 34. Kf3 Rc8 0-1

[Event "Scarborough Major 47th"]
[Site "Scarborough"]
[Date "2024.10.27"]
[Round "4.30"]
[White "Williams, David"]
[Black "Harris, John"]
[Result "1-0"]
[WhiteElo "1870"]
[BlackElo "1717"]
[PlyCount "55"]
[EventDate "2024.10.25"]
[EventType "swiss"]
[EventRounds "5"]
[EventCountry "ENG"]
[SourceTitle "BritBase"]
[Source "John Saunders"]
[SourceDate "2024.12.27"]
[SourceVersion "1"]
[SourceVersionDate "2024.12.27"]
[SourceQuality "1"]

1. d4 Nf6 2. Bf4 g6 3. e3 Bg7 4. Nf3 d5 5. h3 c5 6. c3 Nc6 7. Bd3 c4 8. Bc2 b5 9. Nbd2 O-O 10. O-O Re8 11. Qe2 Nh5 12. Bh2 e5 13. dxe5 Nxe5 14. Nxe5 Bxe5 15. Bxe5 Rxe5 16. Nf3 Re8 17. Rfd1 Bb7 18. Rd4 Qf6 19. Nh2 Qc6 20. Qd2 Rad8 21. Rd1 Nf6 22. Qe2 Rd6 23. Ng4 Ne4 24. f3 Nf6 25. Nxf6+ Rxf6 26. Rxd5 Rfe6 27. Rd8 Rxe3 28. Qxe3 1-0

[Event "Scarborough Major 47th"]
[Site "Scarborough"]
[Date "2024.10.27"]
[Round "5.1"]
[White "Quaite, Toby"]
[Black "Vaidyanathan, Sathya"]
[Result "1/2-1/2"]
[WhiteElo "1760"]
[BlackElo "1794"]
[PlyCount "35"]
[EventDate "2024.10.25"]
[EventType "swiss"]
[EventRounds "5"]
[EventCountry "ENG"]
[SourceTitle "BritBase"]
[Source "John Saunders"]
[SourceDate "2024.12.27"]
[SourceVersion "1"]
[SourceVersionDate "2024.12.27"]
[SourceQuality "1"]

1. Nf3 Nf6 2. d4 d5 3. e3 Bf5 4. Bd3 Bxd3 5. Qxd3 c6 6. O-O e6 7. Nbd2 Be7 8. e4 dxe4 9. Nxe4 Nbd7 10. Nxf6+ Bxf6 11. Bf4 O-O 12. Rad1 Qa5 13. c4 e5 14. dxe5 Nxe5 15. Nxe5 Bxe5 16. b4 Qc7 17. Bxe5 Qxe5 18. Rfe1 1/2-1/2

[Event "Scarborough Major 47th"]
[Site "Scarborough"]
[Date "2024.10.27"]
[Round "5.2"]
[White "Webb, Nicholas"]
[Black "Hall, James"]
[Result "0-1"]
[WhiteElo "1858"]
[BlackElo "1824"]
[PlyCount "60"]
[EventDate "2024.10.25"]
[EventType "swiss"]
[EventRounds "5"]
[EventCountry "ENG"]
[SourceTitle "BritBase"]
[Source "John Saunders"]
[SourceDate "2024.12.27"]
[SourceVersion "1"]
[SourceVersionDate "2024.12.27"]
[SourceQuality "1"]

1. c4 e5 2. Nc3 Nf6 3. Nf3 e4 4. Ng5 c6 5. Ngxe4 Nxe4 6. Nxe4 d5 7. cxd5 cxd5 8. Nc3 d4 9. Ne4 Nc6 10. d3 Be6 11. g3 Bb4+ 12. Bd2 Be7 13. h4 h6 14. Rc1 Qb6 15. Bh3 Bxh3 16. Rxh3 f5 17. e3 g6 18. exd4 fxe4 19. Qg4 Nxd4 20. Qxe4 Qe6 21. g4 Qxe4+ 22. dxe4 Nc6 23. f4 O-O-O 24. h5 gxh5 25. gxh5 Rd4 26. Re3 Bh4+ 27. Ke2 Re8 28. e5 Rxf4 29. e6 Rf2+ 30. Kd1 Bg5 0-1

[Event "Scarborough Major 47th"]
[Site "Scarborough"]
[Date "2024.10.27"]
[Round "5.4"]
[White "Jelfs, Alan"]
[Black "Hoadley, Kenneth"]
[Result "1/2-1/2"]
[WhiteElo "1823"]
[BlackElo "1995"]
[PlyCount "32"]
[EventDate "2024.10.25"]
[EventType "swiss"]
[EventRounds "5"]
[EventCountry "ENG"]
[SourceTitle "BritBase"]
[Source "John Saunders"]
[SourceDate "2024.12.27"]
[SourceVersion "1"]
[SourceVersionDate "2024.12.27"]
[SourceQuality "1"]

1. d4 Nf6 2. c4 e6 3. Nf3 d5 4. Nc3 c5 5. cxd5 Nxd5 6. dxc5 Nxc3 7. Qxd8+ Kxd8 8. bxc3 Bxc5 9. e3 b6 10. Bd3 Bb7 11. Ke2 Ke7 12. Bb2 Nd7 13. h4 h5 14. Rh3 g6 15. Kf1 Rhd8 16. Bc2 Nf6 1/2-1/2

[Event "Scarborough Major 47th"]
[Site "Scarborough"]
[Date "2024.10.27"]
[Round "5.6"]
[White "Bak, Andrew"]
[Black "Gartside, Carl"]
[Result "1-0"]
[WhiteElo "1948"]
[BlackElo "1797"]
[PlyCount "47"]
[EventDate "2024.10.25"]
[EventType "swiss"]
[EventRounds "5"]
[EventCountry "ENG"]
[SourceTitle "BritBase"]
[Source "John Saunders"]
[SourceDate "2024.12.27"]
[SourceVersion "1"]
[SourceVersionDate "2024.12.27"]
[SourceQuality "1"]

1. e4 e5 2. Nf3 Nc6 3. Bc4 Nf6 4. Ng5 d5 5. exd5 b5 6. Bf1 Qxd5 7. Nc3 Qc5 8. Bxb5 Bd7 9. d3 Bd6 10. Be3 Qb4 11. Rb1 h6 12. Nge4 Nxe4 13. dxe4 Be7 14. O-O O-O-O 15. Ba6+ Kb8 16. Nd5 Qd6 17. b4 Qe6 18. b5 Nb4 19. Nxb4 Bxb5 20. Bxb5 Rxd1 21. Rfxd1 c5 22. Nc6+ Kc7 23. Nxa7 Qxa2 24. Rd7+ 1-0

[Event "Scarborough Major 47th"]
[Site "Scarborough"]
[Date "2024.10.27"]
[Round "5.7"]
[White "May, Paul"]
[Black "Mckiernan, James"]
[Result "0-1"]
[WhiteElo "1833"]
[BlackElo "1821"]
[PlyCount "116"]
[EventDate "2024.10.25"]
[EventType "swiss"]
[EventRounds "5"]
[EventCountry "ENG"]
[SourceTitle "BritBase"]
[Source "John Saunders"]
[SourceDate "2024.12.27"]
[SourceVersion "1"]
[SourceVersionDate "2024.12.27"]
[SourceQuality "1"]

1. d4 Nf6 2. c4 g6 3. e3 Bg7 4. Nf3 d6 5. Nc3 O-O 6. Bd3 Nc6 7. O-O e5 8. d5 Nb4 9. Bb1 a5 10. a3 Na6 11. e4 Nc5 12. Bg5 h6 13. Be3 Nfd7 14. Bc2 f5 15. b4 axb4 16. axb4 Rxa1 17. Qxa1 Na6 18. b5 Nac5 19. Qc1 f4 20. Bxc5 Nxc5 21. Na4 Nxa4 22. Bxa4 g5 23. h3 g4 24. hxg4 Bxg4 25. Qc3 b6 26. Bd1 h5 27. Nh2 Qh4 28. Nf3 Qf6 29. Nh2 Qg6 30. Qd3 {[=]} Bd7 31. Qf3 h4 32. Kh1 Ra8 33. Bc2 Bf6 34. Rg1 Kf7 35. g4 hxg3 36. fxg3 Rg8 37. g4 Ra8 38. Rg2 Qg5 39. Bd1 Ra1 40. Rg1 Ra8 41. Rg2 Ke7 42. Nf1 Be8 43. Rh2 Bg6 44. Nd2 Bg7 45. Nf1 Ra1 46. Be2 Qf6 47. Bd3 Ra3 48. Nd2 Qf8 49. Qh3 Qa8 50. Qh4+ Kf7 51. Bf1 Bf6 52. g5 Bxg5 53. Qh8 Qxh8 54. Rxh8 f3 55. Rh2 Bxd2 56. Rxd2 Ra1 57. Kg1 Bxe4 58. Rf2 Rc1 0-1

[Event "Scarborough Major 47th"]
[Site "Scarborough"]
[Date "2024.10.27"]
[Round "5.8"]
[White "Layhe, Simon"]
[Black "Seery, Philip T"]
[Result "1/2-1/2"]
[WhiteElo "1867"]
[BlackElo "1932"]
[PlyCount "76"]
[EventDate "2024.10.25"]
[EventType "swiss"]
[EventRounds "5"]
[EventCountry "ENG"]
[SourceTitle "BritBase"]
[Source "John Saunders"]
[SourceDate "2024.12.27"]
[SourceVersion "1"]
[SourceVersionDate "2024.12.27"]
[SourceQuality "1"]

1. d4 Nf6 2. Nf3 c5 3. d5 d6 4. c4 b5 5. cxb5 a6 6. bxa6 Bxa6 7. Nc3 g6 8. e4 Bxf1 9. Kxf1 Bg7 10. g3 O-O 11. Kg2 Nbd7 12. Re1 Qa5 13. Qe2 Rfb8 14. Nd1 Qa4 15. Bd2 c4 16. Nc3 Qa6 17. Reb1 Nc5 18. Ne1 Nd3 19. Nxd3 cxd3 20. Qf1 Qc4 21. f3 Nd7 22. b3 Qa6 23. a4 Rc8 24. Qe1 Rc7 25. Rc1 Rac8 26. Rab1 Qb6 27. b4 Ne5 28. a5 Qb8 29. b5 Nc4 30. b6 Rc5 31. Na4 Nxd2 32. Nxc5 Nxb1 33. Rxb1 Rxc5 34. a6 Rc2+ 35. Kh3 Qc8+ 36. g4 Be5 37. Qg1 Qxa6 38. b7 Qa2 1/2-1/2